000 00758nam a2200253 a 4500
001 54964
003 BD-RjUL
005 20211209080209.0
008 161113s1986 nyu||||| |||| 001 0 eng d
020 _a0471823090
035 _a(BD-RjUL)
040 _dBD-RjUL
_aBD-RjUL
_cBD-RjUL
041 _aeng
082 _223
_a005.133
_bMOP 1986
099 _aQA76.73.P2.M67 1986
100 1 _aMoser, Louise E.
_9163878
245 1 0 _aProverbs for programming in Pascal /
_cLouise E. Moser, Andrew A. Turnbull.
260 _aNew York :
_bJohn Wiley and Sons
_cc1986.
300 _axvi, 304 p. :
_bill. ;
_c24 cm.
500 _aIncludes index.
650 0 _aPascal (Computer program language)
_9118190
700 1 _aTurnbull, Andrew A.
_9163879
942 _2ddc
_cBK
999 _c54964
_d54964